| 000 | 00557nam a22001937a 4500 | ||
|---|---|---|---|
| 999 |
_c158019 _d158019 |
||
| 005 | 20181013115235.0 | ||
| 010 | _aENG-124304 | ||
| 020 |
_c200.00 _a9789350451540 |
||
| 035 | _aEN-107836 | ||
| 037 | _bDBAD/PUB | ||
| 082 | _a881 | ||
| 100 | _aNarayanan P.M. | ||
| 245 |
_aSelected poems / _cby P.M. Narayanan; translated by Muraly, R. |
||
| 260 |
_aCalcutta _bWriters Workshop Books _c2017 |
||
| 270 |
_bCalcutta _e700045 _a162/92 Lake gardens |
||
| 300 |
_a87p. _c21cm (Hb) |
||
| 700 | _aMuraly, R. | ||
| 942 |
_2ddc _cEN _h881 _mNAR |
||